00976nam a2200193 i 4500001000700000003000900007005001700016007000300033008004100036100003400077245029600111260004200407300002200449600003300471600011500504852002200619999001900641952012200660138534ES-MaACL20240516220131.0t|070214s1973 sp r ||||1| spa d1 aSans Falguera, Pedro.910320510aSíntesis de la sensacional y auténtica vida ejemplar de Carolina Pacharób: contiene además las memorias del autor y también del mismo autor las adaptaciones en teatro y en cine de la soberana obra de Cervantes El ingenioso hidalgo Don Quijote de la Mancha / cPedro Sans Falguera. aBarcelona : bMiguel Arimany, c1973. a228 p. ; c23 cm.14aPacharó, Carolina.915887414aCervantes Saavedra, Miguel de,d1547-1616. tDon Quijote de la Mancha-xAdaptaciones cinematográficas937613 aES-MaACLjC-53850 c138534d138534 00104070aATENEOMbATENEOMcDEPO2d2008-01-17eSCl0oC-53850p1144154r2023-02-23 00:00:00w2023-02-23yMONOGRAFIA